MARC details
| 000 -CABECERA |
| campo de control de longitud fija |
02622nam a2200337 a 4500 |
| 001 - NÚMERO DE CONTROL |
| campo de control |
000047546 |
| 003 - IDENTIFICADOR DEL NÚMERO DE CONTROL |
| campo de control |
OSt |
| 005 - FECHA Y HORA DE LA ÚLTIMA TRANSACCIÓN |
| campo de control |
20250227073855.0 |
| 008 - DATOS DE LONGITUD FIJA--INFORMACIÓN GENERAL |
| campo de control de longitud fija |
090630s2017 dr r 000 0 spa d |
| 020 ## - NÚMERO INTERNACIONAL ESTÁNDAR DEL LIBRO |
| Número Internacional Estándar del Libro |
9789945582482 |
| 040 ## - FUENTE DE LA CATALOGACIÓN |
| Centro catalogador/agencia de origen |
DO-SdBNP |
| Lengua de catalogación |
spa |
| Centro/agencia transcriptor |
BNPHU |
| 082 ## - NÚMERO DE LA CLASIFICACIÓN DECIMAL DEWEY |
| Número de clasificación |
330.97293 |
| Número de documento/Ítem |
C744n 2016 |
| 111 ## - ENTRADA PRINCIPAL--NOMBRE DE CONGRESO/REUNIÓN |
| Nombre de congreso/reunión o jurisdicción como elemento de entrada |
Concurso Biblioteca Juan Pablo Duarte |
| 9 (RLIN) |
6999 |
| 245 10 - MENCIÓN DE TÍTULO |
| Título |
Nueva literatura económica dominicana : |
| Resto del título |
premios del Concurso de Economía Biblioteca "Juan Pablo Duarte" 2016 / |
| Mención de responsabilidad, etc. |
Nerys F. Ramírez ... [et al.] ; edición José Alcántara Almánzar. |
| 260 ## - PUBLICACIÓN, DISTRIBUCIÓN, ETC. |
| Lugar de publicación, distribución, etc. |
Santo Domingo : |
| Nombre del editor, distribuidor, etc. |
Banco Central de la República Dominicana, |
| Fecha de publicación, distribución, etc. |
2017. |
| 300 ## - DESCRIPCIÓN FÍSICA |
| Extensión |
xvi, 351 p. : |
| Otras características físicas |
il., gráfcs. ; |
| Dimensiones |
23 cm. |
| 490 1# - MENCIÓN DE SERIE |
| Mención de serie |
Banco Central de la República Dominicana ; |
| Designación de volumen o secuencia |
237 |
| Mención de serie |
Nueva literatura económica dominicana ; |
| Designación de volumen o secuencia |
21 |
| 500 ## - NOTA GENERAL |
| Nota general |
Incluye referencias bibliográficas y notas al pie de las páginas |
| 505 0# - NOTA DE CONTENIDO CON FORMATO |
| Nota de contenido con formato |
Presentación -- |
| Título |
Introducción -- |
| Información miscelánea |
Primera parte -- |
| Título |
Determinantes del desempleo en la República Dominicana. Dinámica temporal y microsimulaciones/ |
| Mención de responsabilidad |
Nerys F. Ramírez -- |
| Información miscelánea |
Segunda parte : |
| Título |
Análisis intertemporal de la hoja de balance de un banco central : el caso dominicano / |
| Mención de responsabilidad |
Raúl Ovalle Marte , Francisco A. Ramírez de León -- |
| Información miscelánea |
Tercera parte : |
| Título |
Una estimación del costo en bienestar de la inflación para la República Dominicana/ |
| Mención de responsabilidad |
Oscar Iván Pascual Vásquez |
| Información miscelánea |
Cuarta parte : |
| Título |
Riqueza e inclusión financiera : un acercamiento a los costos de exclusión financiera en la República Dominicana/ |
| Mención de responsabilidad |
Ana Emilia Pimentel Rodríguez, Carlos Alberto Delgado Urbáez |
| Información miscelánea |
Quinta parte : |
| Título |
Educación financiera y la planificación para el retiro laboral en la República Dominicana : Análisis a partir de modelos de máxima verosimilitud para valiables cualitativos/ |
| Mención de responsabilidad |
Pilar del Carmen Dolores Mateo Mejía, Antonio María Giraldi Monción |
| 590 ## - NOTA LOCAL (RLIN) |
| Nota local |
Inventariado, 2018/ VM |
| 650 #4 - PUNTO DE ACCESO ADICIONAL DE MATERIA--TÉRMINO DE MATERIA |
| Término de materia o nombre geográfico como elemento de entrada |
Finanzas |
| Subdivisión general |
República dominicana |
| Subdivisión de forma |
CONGRESOS CONFERENCIAS,ETC. |
| 9 (RLIN) |
75161 |
| 651 #4 - PUNTO DE ACCESO ADICIONAL DE MATERIA--NOMBRE GEOGRÁFICO |
| Nombre geográfico |
República Dominica |
| Subdivisión general |
Política Económica |
| Subdivisión de forma |
CONGRESOS CONFERENCIAS,ETC. |
| 9 (RLIN) |
75171 |
| 651 #4 - PUNTO DE ACCESO ADICIONAL DE MATERIA--NOMBRE GEOGRÁFICO |
| Nombre geográfico |
República Dominicana |
| Subdivisión general |
Condiciones Económicas |
| Subdivisión de forma |
CONGRESOS CONFERENCIAS,ETC. |
| 9 (RLIN) |
7000 |
| 651 #4 - PUNTO DE ACCESO ADICIONAL DE MATERIA--NOMBRE GEOGRÁFICO |
| Nombre geográfico |
Política Monetaria |
| Subdivisión general |
República Dominicana |
| Subdivisión de forma |
CONGRESOS, CONFERENCIAS, ETC. |
| 9 (RLIN) |
75172 |
| 700 1# - PUNTO DE ACCESO ADICIONAL--NOMBRE DE PERSONA |
| Nombre de persona |
Ramírez, Nerys F. |
| 9 (RLIN) |
75173 |
| 700 1# - PUNTO DE ACCESO ADICIONAL--NOMBRE DE PERSONA |
| Nombre de persona |
Alcántara Almánzar, José |
| Fechas asociadas al nombre |
1946- |
| Término indicativo de función/relación |
ed. |
| 9 (RLIN) |
7018 |
| 710 2# - PUNTO DE ACCESO ADICIONAL--NOMBRE DE ENTIDAD CORPORATIVA |
| Nombre de entidad corporativa o nombre de jurisdicción como elemento de entrada |
Banco Central de la República Dominicana. |
| Unidad subordinada |
Departamento Cultural. |
| 9 (RLIN) |
7006 |
| 830 #0 - PUNTO DE ACCESO ADICIONAL DE SERIE-TÍTULO UNIFORME |
| Título uniforme |
Banco Central de la República Dominicana ; |
| Designación de volumen o secuencia |
237 |
| Nombre de parte o sección de la obra |
Nueva literatura económica dominicana ; |
| Número de parte o sección de la obra |
21 |
| 9 (RLIN) |
75174 |
| 910 ## - DATOS DE OPCIÓN DEL USUARIO (OCLC) |
| Datos de opción del usuario |
Validado. Control de calidad MFF |
| 942 ## - ELEMENTOS DE PUNTO DE ACCESO ADICIONAL (KOHA) |
| Fuente del sistema de clasificación o colocación |
Dewey Decimal Classification |
| Tipo de ítem Koha |
Libro |